BIBLIOTHÈQUE DE LA MAISON DU MEXIQUE

Logo 1 Logo 2

Documentos históricos de Tabasco (notice nᵒ 10049)

détails MARC
000 -Sello discográfico
campo de control de longitud fija 01105nam a2200361 4500
005 - Identificación de versión
campo de control 20251016085205.0
035 ## - Otros números de control del sistema
Número de control del sistema 1259
099 ## - fechas locales
Tipo de ítem Koha LIBRO
100 ## - Datos de procesamiento general
Datos de procesamiento general 20031208d19511950m y1spay5003 ba
105 ## - Campo de datos codificados: Material textual, monográfico
Datos codificados de monografía a 001zy
200 1# - Título y mención de responsabilidad
Título propio Documentos históricos de Tabasco
Designación general del material texto impreso
Primer mención de responsabilidad Acquisitados y compilados por Francisco J. Santamaría
210 ## - Publicación, distribución, etc.
Lugar de publicación, distribución, etc. México
Nombre del editor, distribuidor, etc. Gobierno del Estado de Tabasco
Fecha de publicación, distribución, etc. 1950, 1951
215 ## - Descripción física
Designación de material específico y extensión del ítem 2 v
Dimensiones 19 cm
318 ## - Nota de acción
Acción No se presta a domicilio
345 ## - Nota de información de adquisición
Fuente de adquisición/dirección de la suscripción [OBSOLETO] Donación
410 #1 - Series
Título Publicaciones del Gobierno del Estado de Tabasco
Número de volumen 46, 50
607 ## - Nombre geográfico utilizado como tema
Elemento de entrada Tabasco (México)
Subdivisión temática Historia
Número Koha 1069
660 ## - Código de área geográfica
Código MX
700 ## - Nombre personal - Responsabilidad primaria
Elemento de entrada Santamaría
Parte del nombre distinta del elemento de entrada Francisco Javier
Fechas 1886-1963
Número Koha 15862
801 #0 - Fuente de origen
Agencia cm
900 ## -
-- 1/5372
900 ## -
-- 7100317133\081203
942 ## - ELEMENTOS DE ENTRADA SECUNDARIOS (KOHA)
Tipo de ítem Koha Livre
996 ## -
-- MEX
-- 751145101
-- MMAG
-- 009191
-- R972.62 S232D V.1
-- 20231201LIV
996 ## -
-- MEX
-- 751145101
-- MMAG
-- 009192
-- R972.62 S232D V.2
-- 20231201LIV
Exemplaires
Estatus retirado Estado de daño Estado de pérdida Fecha de adquisición Biblioteca de origen Biblioteca actual Ubicación en estantería Código de barras Precio de reemplazo Signatura topográfica completa No para préstamo Tipo de ítem Koha Nota pública Nota no pública
      05/08/2025 Casa México Paris Casa México Paris   009191 05/08/2025 R972.62 S232D V.1 No se presta a domicilio Livre 20231201LIV 751145101
      05/08/2025 Casa México Paris Casa México Paris   009192 05/08/2025 R972.62 S232D V.2 No se presta a domicilio Livre 20231201LIV 751145101